10 capitales les plus proches de Beyrouth - Statistiques

Statistiques générales
  • Ce quiz a été pris 80 fois
  • Le résultat moyen est 7 sur 10
Statistiques - réponses
km Capitale % Correct
234 Jérusalem
97%
711 Ankara
88%
85 Damas
85%
827 Bagdad
84%
584 Le Caire
82%
218 Amman
71%
241 Nicosie
70%
1150 Athènes
59%
1059 Erevan
52%
1191 Tbilissi
42%
Aucun quiz correspondant
Distribution des résultats
% des personnes avec chaque résultat
Percentile par nombre de réponses
Votre historique - résultats
Vous n’avez pas pris ce quiz